000 00399nam a2200109 4500
082 _a660.6 NAI
084 _2Colon Classification
100 _aNair, Aswathi R
245 _aResistance Gene Candidates from Zingiber spp. Isolation, Characterization and expression analysis/
_cR Aswathi Nair
260 _aRajiv Gandhi Centre for Biotechnology (RGCB);
_bUniversity of Kerala:
_c2006.
942 _2ddc
_cTH
999 _c750074
_d750074